Statistics for Lana del rey - Once upon a dream

Click here to take the quiz!

General Stats

  • This quiz has been taken 42 times
  • The average score is 128 of 139

Answer Stats

Answer% Correct
a
100%
dream
100%
eyes
100%
I
100%
know
100%
once
100%
upon
100%
walked
100%
with
100%
you
100%
your
100%
so
96%
in
93%
that
93%
did
89%
is
89%
love
89%
me
89%
the
89%
The
89%
And
86%
and
86%
at
86%
familiar
86%
gleam
86%
it's
86%
look
86%
way
86%
what
86%
But
82%
do
82%
if
82%
true
82%
You'll
82%
you'll
82%
seem
79%
they
75%
visions
75%
all
71%
are
68%
seldom
61%

Score Distribution

Percentile by Number Answered

Percent of People with Each Score

Your Score History

You have not taken this quiz